000 00479nam a2200181Ia 4500
008 090201s9999 xx 000 0 und d
010 _aKPL-73709
040 _bइंग्रजी
041 _aइंग्रजी
082 _a55547
_b73709
100 _a ajay kumar
245 _aDoctor Rajendra Prasad
_c ajay kumar
250 _a1
260 _c2005
_bkunal pustak sansar
300 _a90
_bमध्यम
600 _aDoctor Rajendra Prasad
942 _cBOOK
999 _c251803
_d251803